000 00626cam a2200217 4500
001 B2075
008 090401t1988 xxu||||| |||| 00| 0 eng d
035 _a(Sirsi) u47897
041 0 _aeng
050 0 4 _a381.41 $2 18
090 _aRICS 1988/26A
110 2 _aLivestock Auctioneers' Market Committee for England and Wales
245 0 0 _aReport of the Committee for the period 1987/88
260 _a[S.l.]
_b[s.n.]
_c1988
300 _a11p.
_c21cm.
520 _aCover title: Report April 1987 to March 1988.
651 4 _aEngland and Wales
_y1543-
690 _aAuctioneering
_96218
942 _n0
948 _c04/03/1997
999 _c92240
_d92240